000 00916nam a2200277Ia 4500
003 OSt
005 20221005092617.0
006 a|||||r|||| 00| 0
007 ta
008 221004b |||||||| |||| 00| 0 eng d
020 _a9780415899109 (hbk)
_c8156
024 _a11054
037 _bCBS/297, 20/03/2014, Classic Book Service
_cTextual
040 _aCRL
_cCRL
_beng
041 _2eng
_aeng
082 _aO111,1M79:g, Q2
100 _aGoldfarb Lisa Ed.
_9617580
245 0 _aWallace stevens, New York and modernism
260 _aNew York
_bRoutledge USA
_c2012
300 _axvi,184p.
_ccm.
490 _aRoutledge studies in twentieth century literature
650 _aENGLISH LITERATURE
700 _a Eeckhout Bart Ed.
_9617581
942 _hO111,1M79:g, Q2
_cTEXL
_2cc
999 _c999107
_d999107